000 00233nam a22000857a 4500
008 160715b xxu||||| |||| 00| 0 eng d
100 _92893
_a Bence, E
245 _aLeaving Home
260 _aPhiladelphia
_b Bridge Books
_c1982
999 _c2459
_d2459